Validación de modelos agroecológicos en el municipio de la Playa de Belén, Norte de Santander /

Bibliographic Details
Main Authors: Flórez Delgado, Dixon Fabián (Author), Castellanos González, Leonides (Author), Capacho Mogollón, Alfonso Eugenio (Author)
Format: Electronic eBook
Language:Spanish
Published: Pamplona, Norte de Santander, Colombia : Sello Editorial Unipamplona, 2023.
Series:Colección Ciencias pecuarias y agronomía (Universidad de Pamplona)
Subjects:
Online Access:Digitalia Hispánica

MARC

LEADER 00000nam a2200000 i 4500
001 DIGUPAMP0041
003 NyNyDIG
007 cr |||||||||||
008 240201s2023 ck ab ob 000 0 spa d
006 m o d
035 |a (OCoLC)1422055698 
040 |a DGITA  |b eng  |e rda  |e pn  |c DGITA 
020 |z 9786289573107 
043 |a s-ck--- 
050 1 4 |a S475.C7 ebook 
100 1 |a Flórez Delgado, Dixon Fabián,  |e author. 
245 1 0 |a Validación de modelos agroecológicos en el municipio de la Playa de Belén, Norte de Santander /  |c Dixon Fabián Flórez Delgado, Leonides Castellanos González, Alfonso Eugenio Capacho Mogollón. 
264 1 |a Pamplona, Norte de Santander, Colombia :  |b Sello Editorial Unipamplona,  |c 2023. 
300 |a 1 online resource :  |b illustrations, maps. 
336 |a text  |b txt  |2 rdacontent 
337 |a computer  |b c  |2 rdamedia 
338 |a online resource  |b cr  |2 rdacarrier 
347 |a text file  |2 rdaft 
347 |b PDF 
490 1 |a Colección Ciencias pecuarias y agronomía 
504 |a Includes bibliographical references. 
588 0 |a Online resource; title from PDF title page (Digitalia, viewed February 1, 2024) 
650 0 |a Agricultural ecology  |z Colombia  |z Norte de Santander. 
650 0 |a Sustainable agriculture  |z Colombia  |z Norte de Santander. 
700 1 |a Castellanos González, Leonides,  |e author. 
700 1 |a Capacho Mogollón, Alfonso Eugenio,  |e author. 
791 2 |a Digitalia (Firm),  |e distributor. 
793 0 |g Digitalia eBook Collection:  |a Universidad de Pamplona 
776 0 8 |i Print version:  |a Flórez Delgado, Dixon Fabián.  |t Validación de modelos agroecológicos en el municipio de la Playa de Belén, Norte de Santander.  |b Primera edición.  |d Pamplona, Norte de Santander, Colombia : Sello Editorial Unipamplona, [2023]  |z 9786289573107 
830 0 |a Colección Ciencias pecuarias y agronomía (Universidad de Pamplona) 
856 4 0 |3 Digitalia Hispánica  |u https://www.digitaliapublishing.com/a/131134/ 
910 |a Premium collection: 2024